000 01194cam a2200313 i 4500
001 40969
003 Mx-PuUPA
005 20251010134623.0
008 140415s2009 mx gr 000 0 spa d
020 _a9786072003774
040 _aMx-PuUPA
_bspa
_cMx-PuUPA
_dMx-PuUPA
_erda
041 0 _aspa
100 1 _aBosch, Juan,
_d1909-2001
_eautor
_96225
245 1 0 _aPóker de espanto en el Caribe :
_b♠ Trujillo ♠ Somoza ♠ Pérez Jiménez ♠ Batista /
_cJuan Bosch
250 _aPrimera edición
264 1 _aMéxico, D.F. :
_bUniversidad Nacional Autónoma de México,
_c©2009
300 _a219 páginas :
_btablas ;
_c22 cm
336 _atexto
_2rdacontent
_btxt
337 _asin medio
_2rdamedia
_bn
338 _avolumen
_2rdacarrier
_bnc
600 1 4 _aSomoza, Anastasio,
_d1929- 1980,
600 1 4 _aTrujillo Molina, Rafael Leonidas,
_d1891 - 1961
600 1 4 _aPérez Jiménez, Marcos,
_d1914 - 2001
650 7 _2armarc
_aÁrea del Caribe
_xPolítica y gobierno
_ySiglo XX
942 _2ddc
_cLI
_h320.9729
_iB74
999 _c40969
_d40969